Guess the city by distance to other cities - Statistics

General Stats
  • This quiz has been taken 51 times
  • The average score is 9 of 24
Answer Stats
City Distance to NYC Distance to Paris Distance to Shanghai Distance to Johannesburg % Correct
New York City 0 5.837 11.860 12.839
100%
Paris 5.837 0 9.261 8.728
95%
Shanghai 11.860 9.261 0 11.777
95%
Johannesburg 12.839 8.728 11.777 0
93%
Tokyo 10.846 9.714 1.767 13.544
51%
Melbourne 16.672 16.791 8.055 10.327
47%
Moscow 7.510 2.486 6.815 9.158
40%
Seoul 11.051 8.966 870 12.490
37%
Dubai 11.003 5.243 6.418 6.426
35%
Rio de Janeiro 7.758 9.167 18.235 7.120
35%
Barcelona 6.165 830 9.822 7.974
33%
Casablanca 5.797 1.886 11.044 7.641
26%
Istanbul 8.069 2.255 7.983 7.474
26%
Khartoum 10.214 4.601 9.014 4.673
23%
Lagos 8.478 4.716 12.226 4.500
23%
Dallas 2.205 7.933 11.843 14.685
21%
Dar es Salaam 12.456 7.155 9.659 2.426
21%
Jakarta 16.173 11.581 4.438 8.587
21%
Bogota 4.014 8.630 15.705 11.441
19%
Singapore 15.339 10.736 3.807 8.659
19%
Vancouver 3.905 7.923 9.028 16.451
16%
Warsaw 6.853 1.366 7.966 8.748
16%
Mumbai 12.546 7.013 5.039 6.970
14%
Karachi 11.683 6.124 5.337 7.052
12%
No matching quizzes found
Score Distribution
Percent of People with Each Score
Percentile by Number Answered
Your Score History
You have not taken this quiz